Our Quaid: As remembered and reported (Record no. 13075)
[ view plain ]
| 000 -LEADER | |
|---|---|
| fixed length control field | 00381nam a22001457a 4500 |
| 020 ## - INTERNATIONAL STANDARD BOOK NUMBER | |
| International Standard Book Number | - |
| 082 ## - DEWEY DECIMAL CLASSIFICATION NUMBER | |
| Classification number | 954.9042092 BAZ |
| 100 ## - MAIN ENTRY--PERSONAL NAME | |
| Personal name | Bazmi, Aslam |
| 245 ## - TITLE STATEMENT | |
| Title | Our Quaid: As remembered and reported |
| 260 ## - PUBLICATION, DISTRIBUTION, ETC. | |
| Place of publication, distribution, etc. | Islamabad |
| Name of publisher, distributor, etc. | NUST Publishing |
| Date of publication, distribution, etc. | 2014 |
| 300 ## - PHYSICAL DESCRIPTION | |
| Extent | xiv, 164 p. : ill. |
| 500 ## - GENERAL NOTE | |
| General note | Index includes |
| 650 ## - SUBJECT ADDED ENTRY--TOPICAL TERM | |
| Topical term or geographic name entry element | Quaid-e-Azam Mohammad Ali Jinnah--Biography. |
| 942 ## - ADDED ENTRY ELEMENTS (KOHA) | |
| Koha item type | Book |
| Withdrawn status | Lost status | Source of classification or shelving scheme | Damaged status | Not for loan | Permanent Location | Current Location | Shelving location | Date acquired | Source of acquisition | Total Checkouts | Full call number | Barcode | Date last seen | Date last checked out | Price effective from | Koha item type | Total Renewals | Collection code |
|---|---|---|---|---|---|---|---|---|---|---|---|---|---|---|---|---|---|---|
| Central Library (CL) | Central Library (CL) | General Stacks | 11/19/2014 | Donation | 2 | 954.9040 BAZ | SEECSD01060 | 05/22/2016 | 05/09/2016 | 11/17/2014 | Book | |||||||
| Central Library (CL) | Central Library (CL) | General Stacks | 11/19/2014 | Donation | 954.9040 BAZ | SEECSD01061 | 11/22/2014 | 11/17/2014 | Book | |||||||||
| Central Library (CL) | Central Library (CL) | General Stacks | 05/26/2015 | Donation | 1 | 954.9040 BAZ | SEECSD01082 | 03/18/2022 | 02/19/2020 | 05/25/2015 | Book | 3 | ||||||
| Central Library (CL) | Central Library (CL) | General Stacks | 05/26/2015 | Donation | 2 | 954.9042092 BAZ | SEECSD01083 | 06/12/2025 | 02/26/2021 | 05/25/2015 | Book | 2 | ||||||
| Central Library (CL) | Central Library (CL) | General Stacks | 06/10/2015 | Donation | 1 | 954.9040 BAZ | SEECSD01117 | 08/01/2025 | 02/18/2024 | 06/08/2015 | Book |
